Property cycles: patterns of behaviour in UK property markets. (Record no. 91873)

MARC details
000 -LEADER
fixed length control field 00943cam a2200241 4500
001 - CONTROL NUMBER
control field J1904
008 - FIXED-LENGTH DATA ELEMENTS--GENERAL INFORMATION
fixed length control field 090401t1993 xxu||||| |||| 00| 0 eng d
035 ## - SYSTEM CONTROL NUMBER
System control number (Sirsi) u46137
041 ## - LANGUAGE CODE
Language code of text/sound track or separate title eng
050 ## - LIBRARY OF CONGRESS CALL NUMBER
Classification number 333.33
110 ## - MAIN ENTRY--CORPORATE NAME
Corporate name or jurisdiction name as entry element Barber White Property Economics
9 (RLIN) 1805
245 ## - TITLE STATEMENT
Title Property cycles: patterns of behaviour in UK property markets.
260 ## - PUBLICATION, DISTRIBUTION, ETC.
Place of publication, distribution, etc. London
Name of publisher, distributor, etc. Barber White Property Economics
Date of publication, distribution, etc. 1993
300 ## - PHYSICAL DESCRIPTION
Extent 71,(11)p. ; 21cm.
350 ## - PRICE (NR) (BK AM CF MU VM SE) [OBSOLETE]
Price 175
520 ## - SUMMARY, ETC.
Summary, etc. The objectives of the report are to identify the cyclical pattern of property markets, provide a means of assessing the current positioning of property markets within their respective cycles and to give guidance on the potential series of events which are likely to characterise future cycles.
650 ## - SUBJECT ADDED ENTRY--TOPICAL TERM
Topical term or geographic name entry element ECONOMIC CYCLES
650 ## - SUBJECT ADDED ENTRY--TOPICAL TERM
Topical term or geographic name entry element PROPERTY CYCLES
650 ## - SUBJECT ADDED ENTRY--TOPICAL TERM
Topical term or geographic name entry element PROPERTY MARKETS
690 ## - LOCAL SUBJECT ADDED ENTRY--TOPICAL TERM (OCLC, RLIN)
Topical term or geographic name as entry element PROPERTY LAW AND PRACTICE
942 ## - ADDED ENTRY ELEMENTS (KOHA)
Suppress in OPAC 0
948 ## - LOCAL PROCESSING INFORMATION (OCLC); SERIES PART DESIGNATOR (RLIN)
c (OCLC) 04/03/1997
Holdings
Withdrawn status Lost status Source of classification or shelving scheme Damaged status Not for loan Home library Current library Shelving location Date acquired Cost, normal purchase price Total Checkouts Full call number Barcode Date last seen Date last checked out Copy number Cost, replacement price Price effective from Koha item type
    Dewey Decimal Classification     London London Books 29/11/1993 175.00 35 333.33 30040149 06/08/2019 28/05/2009 1 175.00 06/08/2019 Book